000 00278nam a2200121Ia 4500
008 190216s9999||||xx |||||||||||||| ||und||
100 _aJohn J Hampton
245 0 _aFinancial Decision Making
260 _bKalyani Pub
_c1980
300 _a659p
650 _aCommerce
942 _cBK
999 _c4864
_d4864